[Event "International Championship of Central Se"]
[Site "Paracin, hotel "]
[Date "2016.07.09"]
[Round "4.53"]
[White "Djordjevic, Lazar"]
[Black "Kuzmanovic, Slobodan"]
[Result "1-0"]
[WhiteElo "2022"]
[BlackElo "2161"]
[PlyCount "29"]
[EventDate "2016.07.07"]

1. e4 e5 2. Nf3 Nc6 3. Bb5 a6 4. Ba4 d6 5. d4 b5 6. Bb3 Nxd4 7. Nxd4 exd4 8.
Bd5 Rb8 9. Qxd4 Bd7 10. c3 Nf6 11. Bg5 Be7 12. O-O Nxd5 13. Qxg7 Bf6 14. Qxh8+
Bxh8 15. Bxd8 1-0

[Event "International Championship of Central Se"]
[Site "Paracin, hotel "]
[Date "2016.07.09"]
[Round "4.54"]
[White "Petrovic, Marija"]
[Black "Samani, Yamac"]
[Result "0-1"]
[WhiteElo "2105"]
[BlackElo "2083"]
[PlyCount "80"]
[EventDate "2016.07.07"]

1. Nf3 Nf6 2. g3 b5 3. Bg2 Bb7 4. O-O e6 5. d3 Be7 6. b3 O-O 7. Bb2 c5 8. c4 a6
9. Na3 Qb6 10. e4 d6 11. Rb1 Nbd7 12. Nc2 Qc7 13. Ne3 Rfd8 14. Qe2 Ne5 15. Nd2
Nc6 16. f4 Nd4 17. Qf2 Rab8 18. h3 Rf8 19. g4 Nd7 20. Nf3 Nxf3+ 21. Qxf3 bxc4
22. bxc4 Qa5 23. a3 Bc6 24. g5 Rb7 25. Ba1 Rxb1 26. Rxb1 Qxa3 27. Ng4 f6 28.
gxf6 Nxf6 29. Nxf6+ Bxf6 30. Bxf6 Rxf6 31. Rb8+ Rf8 32. Rxf8+ Kxf8 33. f5 Qa1+
34. Kf2 exf5 35. Qxf5+ Qf6 36. Qxf6+ gxf6 37. Ke3 f5 38. Bf3 fxe4 39. dxe4 Ke7
40. h4 Ke6 0-1

[Event "International Championship of Central Se"]
[Site "Paracin, hotel "]
[Date "2016.07.09"]
[Round "4.55"]
[White "Mamontova, Anastasia"]
[Black "Can, Isik"]
[Result "0-1"]
[WhiteElo "2084"]
[BlackElo "2072"]
[PlyCount "116"]
[EventDate "2016.07.07"]

1. d4 Nf6 2. c4 e6 3. Nc3 Bb4 4. e3 O-O 5. Nge2 d5 6. a3 Bd6 7. cxd5 exd5 8.
Ng3 c6 9. Bd3 Re8 10. Qc2 Be6 11. Bd2 Nbd7 12. Nf5 Bf8 13. f3 c5 14. dxc5 Bxf5
15. Bxf5 Bxc5 16. O-O Bxe3+ 17. Bxe3 Rxe3 18. Rad1 Nb6 19. a4 a5 20. Nb5 Qe7
21. Nd4 g6 22. Bh3 Re8 23. b3 Qd6 24. Nb5 Qe5 25. f4 Qe7 26. f5 g5 27. g3 Re2
28. Qc1 Qe3+ 29. Qxe3 R8xe3 30. Nd4 Rb2 31. Rf2 Rxf2 32. Kxf2 Rc3 33. Ke2 Nbd7
34. Rd3 Rc1 35. Bg2 Ne5 36. Rd2 Rc3 37. Rb2 Neg4 38. Nb5 Re3+ 39. Kd2 Re7 40.
Kd3 Nxh2 41. Bxd5 Nf1 42. Kd4 Nxg3 43. Nd6 Rd7 44. Bxf7+ Rxf7 45. Nxf7 Kxf7 46.
Rg2 Nxf5+ 47. Ke5 Kg6 48. Rg1 h5 49. Rc1 h4 50. Rc7 h3 51. Rxb7 h2 52. Rb6 h1=Q
53. Rxf6+ Kh5 54. Rxf5 Kh4 55. Kf6 Qc6+ 56. Ke7 g4 57. Kf7 Qd7+ 58. Kg6 Qxf5+
0-1